书目信息 |
| 题名: |
历史就这样被改写
|
|
| 作者: | ;传奇翰墨编委会 编著 | |
| 分册: | ||
| 出版信息: | 北京 北京理工大学出版社 2010 |
|
| 页数: | 236页 | |
| 开本: | 23cm | |
| 丛书名: | ||
| 单 册: | ||
| 中图分类: | K105 | |
| 科图分类: | ||
| 主题词: | 历史事件--世界 , 历史事件 | |
| 电子资源: | ||
| ISBN: | 978-7-5640-3126-8 | |
| 000 | 01113nam0 2200265 45 | |
| 001 | 1133481500 | |
| 005 | 20110413090559.85 | |
| 010 | @a978-7-5640-3126-8@dCNY24.80 | |
| 100 | @a20101025d2010 em y0chiy0110 ea | |
| 101 | 0 | @achi |
| 102 | @aCN@b110000 | |
| 105 | @ay z 000yy | |
| 106 | @ar | |
| 200 | 1 | @a历史就这样被改写@ALi Shi Jiu Zhe Yang Bei Gai Xie@e震惊世界的87个瞬间@EZhen Jing Shi Jie De 87 Ge Shun Jian@f传奇翰墨编委会编著@FChuan Qi Han Mo Bian Wei Hui Bian Zhu |
| 210 | @a北京@c北京理工大学出版社@d2010 | |
| 215 | @a236页@d23cm | |
| 300 | @a有图有真相 | |
| 330 | @a以珍贵的历史图片和精炼的语言还原了世纪百年的真实历史场景,以知识性、可靠性以及实用性充分满足了读者对人类社会过去的好奇心。希望读者在惊叹、惋惜抑或感慨中深刻了解历史,从中得到警示与启迪。本书为大众读物,适合各阶层对重大历史事件感兴趣的读者。 | |
| 517 | 1 | @a震惊世界的87个瞬间@AZhen Jing Shi Jie De 87 Ge Shun Jian |
| 606 | 0 | @a历史事件@y世界 |
| 606 | 0 | @a历史事件 |
| 690 | @aK105@v4 | |
| 711 | 02 | @a传奇翰墨编委会@AChuan Qi Han Mo Bian Wei Hui@4编著 |
| 801 | 0 | @aCN@bTANGWEI@c20110413 |
| 905 | @b0533573-77@dK105@e180@f5 | |
| 历史就这样被改写:震惊世界的87个瞬间/传奇翰墨编委会编著.-北京:北京理工大学出版社,2010 |
| 236页;23cm |
| 有图有真相 |
| ISBN 978-7-5640-3126-8:CNY24.80 |
| 以珍贵的历史图片和精炼的语言还原了世纪百年的真实历史场景,以知识性、可靠性以及实用性充分满足了读者对人类社会过去的好奇心。希望读者在惊叹、惋惜抑或感慨中深刻了解历史,从中得到警示与启迪。本书为大众读物,适合各阶层对重大历史事件感兴趣的读者。 |
| ● |
| 相关链接 |
|
|
|
|
正题名:历史就这样被改写
索取号:K105/180
 
预约/预借
| 序号 | 登录号 | 条形码 | 馆藏地/架位号 | 状态 | 备注 |
| 1 | 0533573 | 205335733 | 第二样本阅览室/ [索取号:K105/180] | 在馆 | |
| 2 | 0533574 | 205335742 | 第二借阅区/ [索取号:K105/180] | 在馆 | |
| 3 | 0533575 | 205335751 | 第二借阅区/ [索取号:K105/180] | 在馆 | |
| 4 | 0533576 | 205335760 | 第二借阅区/ [索取号:K105/180] | 在馆 | |
| 5 | 0533577 | 205335779 | 第二借阅区/ [索取号:K105/180] | 在馆 |